000 00319nam a22001457a 4500
003 SGT
020 _a978-81-7637-059-2
082 _a615.53
_bA17G
100 _aGAUR, BANWARILAL
245 _aASTANGA HRDAYAM
260 _aVARANASI
_bCHAUKHAMBHA PUB
_c2017
300 _a476
650 _aAYURVEDA
942 _2ddc
_cBK
_09
999 _c14485
_d14485